000837393 001__ 837393 000837393 005__ 20260205093453.0 000837393 0247_ $$2ISSN$$a1617-7061 000837393 0247_ $$2doi$$a10.1002/pamm.202100122 000837393 0247_ $$2datacite_doi$$a10.18154/RWTH-2021-11996 000837393 037__ $$aRWTH-2021-11996 000837393 041__ $$aEnglish 000837393 082__ $$a510 000837393 1001_ $$0P:(DE-82)771605$$aChandrasekaran, Rajesh$$b0$$eCorresponding author$$urwth 000837393 1112_ $$a91. Annual Meeting of the International Association of Applied Mathematics and Mechanics$$conline$$d2021-03-15 - 2021-03-19$$gGAMM 2020 @21 000837393 245__ $$aGeometric and finite element modeling of biopolymer aerogels to characterize their microstructural and mechanical properties$$honline 000837393 260__ $$aWeinheim [u.a.]$$bWiley-VCH$$c2021 000837393 300__ $$a1-2 000837393 3367_ $$00$$2EndNote$$aJournal Article 000837393 3367_ $$0PUB:(DE-HGF)16$$2PUB:(DE-HGF)$$aJournal Article$$bjournal$$mjournal 000837393 3367_ $$0PUB:(DE-HGF)8$$2PUB:(DE-HGF)$$aContribution to a conference proceedings 000837393 3367_ $$2BibTeX$$aARTICLE 000837393 3367_ $$2DRIVER$$aarticle 000837393 3367_ $$2DataCite$$aOutput Types/Journal article 000837393 3367_ $$2ORCID$$aJOURNAL_ARTICLE 000837393 500__ $$aKonferenzort: Kassel, Germany. - Konferenz verschoben 000837393 588__ $$aDataset connected to CrossRef, Journals: publications.rwth-aachen.de 000837393 591__ $$aGermany 000837393 7001_ $$0P:(DE-82)IDM00133$$aHillgärtner, Markus$$b1$$urwth 000837393 7001_ $$0P:(DE-82)IDM00713$$aRege, Ameya Govind$$b2 000837393 7001_ $$aMilow, Barbara$$b3 000837393 7001_ $$0P:(DE-82)IDM01157$$aItskov, Mikhail$$b4$$urwth 000837393 770__ $$aSpecial Issue: 92nd Annual Meeting of the International Association of Applied Mathematics and Mechanics (GAMM) / Issue Edited by: M. Kaliske 000837393 773__ $$0PERI:(DE-600)2078931-2$$a10.1002/pamm.202100122$$n1$$pe202100122$$tProceedings in applied mathematics and mechanics : PAMM$$v21$$x1617-7061$$y2021 000837393 8564_ $$uhttps://jahrestagung.gamm-ev.de/jahr2020-2021/annual-meeting/$$yHomepage of event 000837393 8564_ $$uhttps://publications.rwth-aachen.de/record/837393/files/837393.pdf$$yOpenAccess 000837393 8767_ $$8W-2021-00757-c$$92025-08-28$$c1931.88$$eHybrid-OA$$jDEAL$$lWiley$$v235.00 000837393 909CO $$ooai:publications.rwth-aachen.de:837393$$popenaire$$popen_access$$pOpenAPC_DEAL$$pdriver$$pVDB$$popenCost$$pdnbdelivery 000837393 9101_ $$0I:(DE-588b)36225-6$$6P:(DE-82)771605$$aRWTH Aachen$$b0$$kRWTH 000837393 9101_ $$0I:(DE-588b)36225-6$$6P:(DE-82)IDM00133$$aRWTH Aachen$$b1$$kRWTH 000837393 9101_ $$0I:(DE-588b)36225-6$$6P:(DE-82)IDM01157$$aRWTH Aachen$$b4$$kRWTH 000837393 9151_ $$0StatID:(DE-HGF)0021$$2StatID$$aNo peer reviewed article$$x0 000837393 915__ $$0StatID:(DE-HGF)0600$$2StatID$$aDBCoverage$$bEbsco Academic Search$$d2020-09-02 000837393 915__ $$0LIC:(DE-HGF)CCBYNCND4$$2HGFVOC$$aCreative Commons Attribution-NonCommercial-NoDerivs CC BY-NC-ND 4.0 000837393 915__ $$0StatID:(DE-HGF)3001$$2StatID$$aDEAL Wiley$$d2020-09-02$$wger 000837393 915__ $$0StatID:(DE-HGF)0510$$2StatID$$aOpenAccess 000837393 915__ $$0StatID:(DE-HGF)0030$$2StatID$$aPeer Review$$bASC$$d2020-09-02 000837393 915__ $$0StatID:(DE-HGF)0300$$2StatID$$aDBCoverage$$bMedline$$d2020-09-02 000837393 915pc $$0PC:(DE-HGF)0000$$2APC$$aAPC keys set 000837393 915pc $$0PC:(DE-HGF)0001$$2APC$$aLocal Funding 000837393 915pc $$0PC:(DE-HGF)0002$$2APC$$aOA Publikationskosten 000837393 915pc $$0PC:(DE-HGF)0120$$2APC$$aDEAL: Wiley 2019 000837393 9201_ $$0I:(DE-82)418220_20140620$$k418220$$lLehr- und Forschungsgebiet Kontinuumsmechanik$$x0 000837393 961__ $$c2021-12-21T12:28:36.190330$$x2021-12-21T12:28:36.190330$$z2021-12-21 000837393 9801_ $$aFullTexts 000837393 980__ $$aI:(DE-82)418220_20140620 000837393 980__ $$aUNRESTRICTED 000837393 980__ $$aVDB 000837393 980__ $$acontrib 000837393 980__ $$ajournal 000837393 980__ $$aAPC